|
|
|
|
| LEADER |
00000nam a22000007a 4500 |
| 003 |
Ucuenca |
| 005 |
20230308230305.0 |
| 008 |
181114b2009 mx ||||| |||| 00| 0 spa d |
| 999 |
|
|
|c 156016
|d 156016
|
| 020 |
|
|
|a 978-607-02-0855-3
|
| 040 |
|
|
|b spa
|a UCuenca-cdrjbv
|c UCuenca
|e rda
|
| 041 |
|
|
|a spa
|
| 082 |
0 |
|
|a 711
|
| 100 |
1 |
|
|9 230835
|a Quiroz Rothe, Héctor
|
| 245 |
|
4 |
|a Las ciudades modernas en América Latina: construcciones históricas e identitarias en el espacio urbano
|c compiladores Héctor Quiroz Rothe y Gabriela Lee Alardín
|
| 250 |
|
|
|a 1a ed.
|
| 264 |
|
|
|a México
|b UNAM
|c 2009
|
| 300 |
|
|
|a 293 páginas:
|b ilu
|c 22.5 cm
|
| 336 |
|
|
|2 rdacontent
|a texto
|b txt
|
| 337 |
|
|
|2 rdamedia
|a no mediado
|b n
|
| 338 |
|
|
|2 rdacarrier
|a volumen
|b nc
|
| 504 |
|
|
|a incl. ref.
|
| 505 |
1 |
|
|a Nuevo urbanismo, nuevas identidades -- Guía del Lugar: el pasaje consensuado en ciudades del turismo -- San Cristobal de las Casas una ciudad de crecimiento atípico -- Imagen de Ciudad
|
| 650 |
|
7 |
|a Urbanismo
|9 110
|
| 650 |
|
0 |
|a Ciudades
|9 5707
|
| 650 |
|
7 |
|a Urbanismo
|9 110
|
| 700 |
1 |
|
|9 230836
|a Lee Alardín, Gabriela
|
| 942 |
|
|
|c BK
|z nube.salto@ucuenca.edu.ec
|2 ddc
|